| 000 | 00687nam a2200205 i 4500 | ||
|---|---|---|---|
| 001 | 161171 | ||
| 003 | ES-MaACL | ||
| 005 | 20230906212216.0 | ||
| 008 | 050712s1878 gw |||| | eng d | ||
| 040 |
_aCAM _bspa _cCAM |
||
| 100 | 0 |
_aOuida ( _d1839-1908) _9130750 |
|
| 245 | 1 | 0 |
_aFriendship / _cby Ouida. |
| 260 |
_aLeipzig : _bBernhard Tauchnitz, _c1878. |
||
| 300 |
_a2 v. (332; 306 p.) ; _c16 cm. |
||
| 490 | 1 |
_aCollection of British Authors ; _v1749; 1750 |
|
| 594 | _aOuida es seud. de Louise dela Ramée. | ||
| 830 | 0 |
_aCollection of British Authors ; _v1749; 1750 _9180703 |
|
| 852 |
_aES-MaACL _jG-11810 _z-- Enc. hol., conservando la enc. original |
||
| 999 |
_c161171 _d161171 |
||